000 00712nam a22001937a 4500
999 _c61164
_d61164
005 20231226173212.0
008 231226s2002 ru ||||| |||| 00| 0 rus d
020 _a5945381160
041 _arus
080 _a902(100)(091) Н-61
100 _a Низовский, А.
_920892
245 _aСто великих археологических открытий /
_cА.Ю. Низовский
264 _aМосква :
_bВече,
_c2002.
300 _a543 с. :
_bил. ;
_c22.
440 _a100 великих
_920893
653 _aასი უდიდესი არქეოლოგიური აღმოჩენა
653 _aარქეოლოგია
942 _2udc
_cᲬᲘᲒᲜᲘ